logo

Bir Sreshtho Munshi Abdur Rouf Library
Jhenaidah Cadet College

Return to a place lit by a glass of milk : (Record no. 8880)

MARC details
000 -LEADER
fixed length control field 00695cam a2200253 4500
001 - CONTROL NUMBER
JCCL Control Number 8880
003 - CONTROL NUMBER IDENTIFIER
JCCL marc code BD-JhCC
005 - DATE AND TIME OF LATEST TRANSACTION
control field 20180621122812.0
008 - FIXED-LENGTH DATA ELEMENTS--GENERAL INFORMATION
fixed length control field 740529s1974 nyu 000 0 eng
020 ## - INTERNATIONAL STANDARD BOOK NUMBER
International Standard Book Number 0807607320
-- 0807607339 (pbk.)
035 ## - SYSTEM CONTROL NUMBER
system control number (BD-JhCC)8880
040 ## - CATALOGING SOURCE
Original cataloging agency DLC
Transcribing agency DLC
Modifying agency DLC
-- BD-JhCC
041 ## - LANGUAGE CODE
Language code of Book eng
050 00 - LIBRARY OF CONGRESS CALL NUMBER
Classification number PS3569.I4725
Item number R4
082 00 - DEWEY DECIMAL CLASSIFICATION NUMBER
Classification number 811/.5/4
Author mark and Year SIM 1974
100 1# - MAIN ENTRY--PERSONAL NAME
Personal name Simic, Charles,
Dates associated with a name 1938-
245 10 - TITLE STATEMENT
Title Return to a place lit by a glass of milk :
Remainder of title poems /
Statement of responsibility, etc Charles Simic,
260 ## - PUBLICATION, DISTRIBUTION, ETC. (IMPRINT)
Place of publication, distribution, etc New York,
Name of publisher, distributor, etc G. Braziller
Date of publication, distribution, etc [1974]
300 ## - PHYSICAL DESCRIPTION
Pagination x, 70 p.
Dimensions 23 cm.
350 ## - PRICE (NR) (BK AM CF MU VM SE) [OBSOLETE]
Price $5.95
490 0# - SERIES STATEMENT
Series statement The Braziller series of poetry
942 ## - ADDED ENTRY ELEMENTS (KOHA)
Source of classification or shelving scheme Dewey Decimal Classification
Koha item type Books
Holdings
Source of classification or shelving scheme Damaged status Not for loan Home library Current library Shelving location Total Checkouts Full call number Barcode Date last seen Copy number Koha item type
Dewey Decimal Classification     JCC Rouf Library JCC Rouf Library General Stacks   811/.5/4 SIM 1974 11911 03/05/2018 C - 1 Books

JCC Library | Contacts | JCC Home

Last Update on 23 September 2017
Copyright @ 2017-2020 JCC Rouf Library
Rouf Library, Jhenidah Cadet College (JCC), Bangladesh